Handbook of Reduce Insfection in the Tropics (Record no. 2129)

MARC details
000 -LEADER
fixed length control field 00322nam a22001217a 4500
008 - FIXED-LENGTH DATA ELEMENTS--GENERAL INFORMATION
fixed length control field 250306b |||||||| |||| 00| 0 eng d
020 ## - INTERNATIONAL STANDARD BOOK NUMBER
ISBN 9785536805
100 ## - MAIN ENTRY--AUTHOR
Author Okunade Sam O.
245 ## - TITLE STATEMENT
Title Handbook of Reduce Insfection in the Tropics
260 ## - PUBLICATION, DISTRIBUTION, ETC. (IMPRINT)
Place of publication Ilorin
Name of publisher Glatox Nig Enterprises
Date of publication 2017
300 ## - COLLATION
Pagination xii,210p
942 ## - ADDED ENTRY ELEMENTS (KOHA)
Item type Books
Holdings
Source of classification or shelving scheme Not for loan Permanent location Current location Date acquired Accession No. Full call number Barcode. Koha item type
Library of Congress Classification   Samuel Ogbemudia Main Library, University of Abuja Samuel Ogbemudia Main Library, University of Abuja 03/06/2025 2024/63244 HD9000.9.038 2025-0319 Books
Library of Congress Classification   Samuel Ogbemudia Main Library, University of Abuja Samuel Ogbemudia Main Library, University of Abuja 03/06/2025 2024/63244 HD9000.9.038 2025-0320 Books